000 00407nam a2200157Ia 4500
008 230312s9999||||xx |||||||||||||| ||und||
020 _a81-8147-595-X
082 _a004.0151
_bERC-D
100 _aErcegovac,Milos.D
245 0 _aDigital Arithmetic
260 _bElsevier
_aIndia
_c2005
300 _a709
546 _aEng.
650 _aEngineering
_vTwo-Operand Addition,Multioperand Addition
942 _cBK
999 _c3428
_d3428